[Event "SWE-ch"]
[Site "Sunne"]
[Date "2015.07.13"]
[Round "3"]
[White "Tikkanen, Hans"]
[Black "Cramling, Pia"]
[Result "1/2-1/2"]
[WhiteElo "2529"]
[BlackElo "2512"]
[PlyCount "90"]
[EventDate "2015.07.11"]
[EventType "tourn"]
[EventRounds "9"]
[EventCountry "SWE"]
[EventCategory "11"]
[SourceTitle "CBM 167 Extra"]
[Source "ChessBase"]
[SourceDate "2015.09.14"]
[SourceVersion "1"]
[SourceVersionDate "2015.09.14"]
[SourceQuality "1"]
1. e4 c5 2. Nf3 e6 3. d4 cxd4 4. Nxd4 Nc6 5. Nb5 d6 6. c4 Nf6 7. N1c3 a6 8. Na3
Be7 9. Be2 O-O 10. O-O b6 11. Be3 Bb7 12. Rc1 Rc8 13. Qd2 Ne5 14. f3 Qc7 15.
Rfd1 Kh8 16. Na4 Ned7 17. b4 Rg8 18. Bf4 Ne5 19. c5 bxc5 20. bxc5 dxc5 21. Qc3
Qc6 22. Bxe5 Qxa4 23. Rb1 Bc6 24. Nc4 Nd7 25. Bd6 Bf6 26. e5 Bg5 27. Rb3 Bd5
28. Rdb1 Qc6 29. Na5 Qa8 30. Bc4 Bf4 31. g3 Bg5 32. Nb7 Be3+ 33. Qxe3 Bxc4 34.
Ra3 Bd5 35. Nxc5 Nxc5 36. Bxc5 Bxf3 37. Qxf3 Qxf3 38. Rxf3 Rxc5 39. Rxf7 Rxe5
40. Rb6 Ra5 41. Rxe6 Rxa2 42. Ra7 Rc8 43. Rc6 Rd8 44. Rd6 Rc8 45. Rc6 Rd8
1/2-1/2

[Event "SWE-ch"]
[Site "Sunne"]
[Date "2015.07.12"]
[Round "2"]
[White "Cramling, Pia"]
[Black "Hector, Jonny"]
[Result "1/2-1/2"]
[WhiteElo "2512"]
[BlackElo "2485"]
[PlyCount "103"]
[EventDate "2015.07.11"]
[EventType "tourn"]
[EventRounds "9"]
[EventCountry "SWE"]
[EventCategory "11"]
[SourceTitle "CBM 167 Extra"]
[Source "ChessBase"]
[SourceDate "2015.09.14"]
[SourceVersion "1"]
[SourceVersionDate "2015.09.14"]
[SourceQuality "1"]
1. c4 e5 2. e3 Nf6 3. Nc3 Bb4 4. Nge2 c6 5. d4 exd4 6. Qxd4 O-O 7. a3 Ba5 8. b4
Bc7 9. Bb2 d5 10. cxd5 cxd5 11. Nb5 Nc6 12. Qd1 Be5 13. Bxe5 Nxe5 14. Ng3 a5
15. Be2 axb4 16. axb4 Rxa1 17. Qxa1 Nc6 18. Qc3 Qe7 19. O-O Nxb4 20. Nd4 Ne4
21. Nxe4 dxe4 22. Rc1 g6 23. Qc5 Qxc5 24. Rxc5 Rd8 25. h3 Kf8 26. g4 h6 27. Kg2
Nd5 28. Bc4 Nb6 29. Bb3 Bd7 30. Rc7 Rb8 31. Bc2 f5 32. gxf5 gxf5 33. Kg3 Ke8
34. Bb3 Kd8 35. Rc5 Rc8 36. Re5 Rc3 37. Be6 Bxe6 38. Rxe6 Nc4 39. Rxh6 Rc1 40.
Nxf5 b5 41. Nd4 Rb1 42. Re6 b4 43. Rxe4 Nd2 44. Nc6+ Kc7 45. Rxb4 Rg1+ 46. Kf4
Kxc6 47. Rd4 Nb3 48. Rd8 Nc5 49. Rd2 Nb3 50. Rd8 Nc5 51. Rd2 Nb3 52. Rd8
1/2-1/2

[Event "SWE-ch"]
[Site "Sunne"]
[Date "2015.07.12"]
[Round "2"]
[White "Berg, Emanuel"]
[Black "Blomqvist, Erik"]
[Result "1-0"]
[WhiteElo "2553"]
[BlackElo "2487"]
[PlyCount "180"]
[EventDate "2015.07.11"]
[EventType "tourn"]
[EventRounds "9"]
[EventCountry "SWE"]
[EventCategory "11"]
[SourceTitle "CBM 167 Extra"]
[Source "ChessBase"]
[SourceDate "2015.09.14"]
[SourceVersion "1"]
[SourceVersionDate "2015.09.14"]
[SourceQuality "1"]
1. e4 c5 2. Nf3 d6 3. d4 cxd4 4. Nxd4 Nf6 5. Nc3 e6 6. Be3 Nc6 7. Be2 Be7 8.
O-O O-O 9. f4 e5 10. Nf5 Bxf5 11. exf5 exf4 12. Rxf4 d5 13. Bf2 Qc7 14. g3 Rad8
15. Bd3 a6 16. Kh1 Rfe8 17. Qg1 d4 18. Ne2 Bd6 19. Rh4 Ne5 20. Nxd4 Bc5 21. Rf4
Nxd3 22. cxd3 Qd7 23. Qg2 Re5 24. Rf1 Rd5 25. Nb3 Bxf2 26. R4xf2 Ng4 27. Rf3
Ne5 28. Re3 Nxd3 29. f6 Rf5 30. Rxf5 Qxf5 31. Rf3 Qe5 32. Rf1 Ne1 33. Qf2 Qe4+
34. Kg1 Nd3 35. Qf3 Qxf3 36. Rxf3 b6 37. Nd2 Nxb2 38. Ne4 Nc4 39. Rc3 Rd4 40.
Nd2 Nd6 41. Nf3 Rd1+ 42. Kg2 a5 43. Rc6 b5 44. Ra6 gxf6 45. Rxa5 Kg7 46. Ra6
Nc4 47. Nh4 h5 48. Nf5+ Kg6 49. Nh4+ Kg5 50. Nf3+ Kf5 51. Ra8 Ke4 52. Re8+ Ne5
53. Nxe5 fxe5 54. Rb8 Rd2+ 55. Kh3 Rd5 56. Rh8 f5 57. Rxh5 Rd2 58. Rh4+ Kd5 59.
a4 Rd4 60. axb5 f4 61. gxf4 exf4 62. Rh8 Rb4 63. Kg4 Ke5 64. h4 Kf6 65. Rh5 Kg6
66. Rg5+ Kf6 67. Kf3 Ra4 68. Rc5 Rb4 69. h5 Kg7 70. Rf5 Kh6 71. Kg4 Kg7 72. Rc5
Kh6 73. Rc6+ Kh7 74. Rc7+ Kh6 75. Rc6+ Kh7 76. b6 Kg7 77. Rc7+ Kh6 78. Rc6+ Kh7
79. Rc7+ Kh6 80. b7 f3+ 81. Kxf3 Kxh5 82. Ke3 Kg5 83. Kd3 Kf6 84. Kc3 Rb1 85.
Kd4 Ke6 86. Kc5 Rc1+ 87. Kb6 Rb1+ 88. Ka7 Ra1+ 89. Kb8 Kd6 90. Kc8 Kd5 1-0

[Event "SWE-ch"]
[Site "Sunne"]
[Date "2015.07.12"]
[Round "2"]
[White "Grandelius, Nils"]
[Black "Semcesen, Daniel"]
[Result "1-0"]
[WhiteElo "2623"]
[BlackElo "2437"]
[PlyCount "47"]
[EventDate "2015.07.11"]
[EventType "tourn"]
[EventRounds "9"]
[EventCountry "SWE"]
[EventCategory "11"]
[SourceTitle "CBM 167 Extra"]
[Source "ChessBase"]
[SourceDate "2015.09.14"]
[SourceVersion "1"]
[SourceVersionDate "2015.09.14"]
[SourceQuality "1"]
1. Nf3 f5 2. d3 d6 3. e4 e5 4. Nc3 c5 5. g3 Be7 6. Bh3 g6 7. exf5 Bxf5 8. Bxf5
gxf5 9. Nh4 Bxh4 10. Qh5+ Ke7 11. Qxh4+ Kd7 12. Bg5 Qf8 13. f4 Nc6 14. fxe5
dxe5 15. O-O-O h6 16. Rhf1 Rh7 17. Be3 Rd8 18. Qh5 Qf7 19. Qxf5+ Qxf5 20. Rxf5
Ke6 21. Rdf1 b6 22. Ne4 Rdd7 23. Rf6+ Kd5 24. c4# 1-0

[Event "SWE-ch"]
[Site "Sunne"]
[Date "2015.07.12"]
[Round "2"]
[White "Carlsson, Pontus"]
[Black "Smith, Axel"]
[Result "1/2-1/2"]
[WhiteElo "2451"]
[BlackElo "2449"]
[PlyCount "151"]
[EventDate "2015.07.11"]
[EventType "tourn"]
[EventRounds "9"]
[EventCountry "SWE"]
[EventCategory "11"]
[SourceTitle "CBM 167 Extra"]
[Source "ChessBase"]
[SourceDate "2015.09.14"]
[SourceVersion "1"]
[SourceVersionDate "2015.09.14"]
[SourceQuality "1"]
1. e4 c5 2. Nf3 g6 3. c3 Bg7 4. d4 cxd4 5. cxd4 d5 6. e5 Nc6 7. Bb5 Nh6 8.
Bxc6+ bxc6 9. O-O O-O 10. Re1 f6 11. h3 fxe5 12. Nxe5 Qb6 13. b3 Nf5 14. Bb2 c5
15. dxc5 Qxc5 16. Nd3 Qd6 17. Bxg7 Kxg7 18. Nd2 Bb7 19. Nf3 d4 20. Ng5 Rf6 21.
Ne4 Bxe4 22. Rxe4 Re6 23. Qe2 Rxe4 24. Qxe4 Rc8 25. Re1 Kf7 26. Ne5+ Kg8 27.
Nc4 Qc6 28. g4 Qxe4 29. Rxe4 Nh4 30. Rxe7 Rd8 31. Nd2 Rc8 32. Nc4 Rd8 33. Kf1
d3 34. Nd2 Rc8 35. Nc4 Rd8 36. Ke1 Nf3+ 37. Kd1 Ng1 38. Re3 Rf8 39. Ke1 Nf3+
40. Kd1 Nh4 41. Rxd3 Rxf2 42. Rd8+ Kg7 43. Rd7+ Rf7 44. Rxf7+ Kxf7 45. Ne5+ Ke6
46. Nc6 Ng2 47. Kd2 Nf4 48. h4 h5 49. Ke3 Nd5+ 50. Kf3 a6 51. a3 Nc3 52. b4 Nb1
53. a4 Nc3 54. a5 Nd5 55. g5 Kd6 56. Nb8 Nxb4 57. Ke4 Ke6 58. Kd4 Kd6 59. Ke4
Ke6 60. Ke3 Ke7 61. Kf4 Kd6 62. Ke4 Ke6 63. Ke3 Ke7 64. Kd2 Kd6 65. Kc3 Kc7 66.
Kc4 Kxb8 67. Kxb4 Kb7 68. Kb3 Kb8 69. Kb2 Kb7 70. Kb3 Kb8 71. Kc3 Kc7 72. Kd3
Kd7 73. Ke3 Ke7 74. Kd3 Kd7 75. Kc3 Kc7 76. Kd3 1/2-1/2

[Event "SWE-ch"]
[Site "Sunne"]
[Date "2015.07.12"]
[Round "2"]
[White "Hillarp Persson, Tiger"]
[Black "Tikkanen, Hans"]
[Result "1/2-1/2"]
[WhiteElo "2563"]
[BlackElo "2529"]
[PlyCount "81"]
[EventDate "2015.07.11"]
[EventType "tourn"]
[EventRounds "9"]
[EventCountry "SWE"]
[EventCategory "11"]
[SourceTitle "CBM 167 Extra"]
[Source "ChessBase"]
[SourceDate "2015.09.14"]
[SourceVersion "1"]
[SourceVersionDate "2015.09.14"]
[SourceQuality "1"]
1. d4 d6 2. g3 g6 3. Bg2 Bg7 4. Nf3 f5 5. O-O Nf6 6. c4 O-O 7. b3 Qe8 8. Bb2
Nbd7 9. Nc3 a6 10. Rc1 Bh6 11. e3 c6 12. d5 Nc5 13. b4 Nce4 14. Nxe4 fxe4 15.
Nd2 Bg4 16. Qb3 Be2 17. Rfe1 Bd3 18. Bxf6 exf6 19. c5 Kh8 20. dxc6 bxc6 21.
cxd6 Rd8 22. Red1 f5 23. Nc4 g5 24. f4 gxf4 25. exf4 Rf6 26. Rxd3 exd3 27. Qxd3
Re6 28. Qxf5 Bg7 29. Bf3 Rf6 30. Qd3 Bf8 31. Qc3 Bg7 32. Qd2 Bf8 33. Qd4 Bg7
34. Qb6 Rfxd6 35. Nxd6 Rxd6 36. Kf1 Bd4 37. Qc7 Qe3 38. Qb8+ Kg7 39. Qc7+ Kh8
40. Qb8+ Kg7 41. Qc7+ 1/2-1/2

[Event "SWE-ch"]
[Site "Sunne"]
[Date "2015.07.11"]
[Round "1"]
[White "Semcesen, Daniel"]
[Black "Berg, Emanuel"]
[Result "0-1"]
[WhiteElo "2437"]
[BlackElo "2553"]
[PlyCount "156"]
[EventDate "2015.07.11"]
[EventType "tourn"]
[EventRounds "9"]
[EventCountry "SWE"]
[EventCategory "11"]
[SourceTitle "CBM 167 Extra"]
[Source "ChessBase"]
[SourceDate "2015.09.14"]
[SourceVersion "1"]
[SourceVersionDate "2015.09.14"]
[SourceQuality "1"]
1. d4 Nf6 2. c4 g6 3. Nc3 Bg7 4. e4 d6 5. h3 O-O 6. Nf3 e5 7. d5 Nh5 8. g3 f5
9. exf5 gxf5 10. Ng5 Qe8 11. Bg2 Na6 12. Ne6 Bxe6 13. dxe6 e4 14. e7 Bxc3+ 15.
bxc3 Rf6 16. Bg5 Re6 17. Qd5 Nc5 18. Qxf5 Nd3+ 19. Kf1 Ng7 20. Qg4 Qg6 21. Be3
Nf5 22. Ke2 Nxe3 23. Qxg6+ hxg6 24. Kxe3 Rxe7 25. Bf1 Nc5 26. Be2 Kg7 27. h4
Kh6 28. Rhf1 Rf8 29. Rab1 b6 30. Bd1 Ref7 31. Be2 Re7 32. Bd1 Re5 33. Be2 Na4
34. Rb3 Nc5 35. Rbb1 Rf7 36. Rb2 Ref5 37. Rbb1 a6 38. Rb2 Rf8 39. Rbb1 R5f6 40.
Bd1 R6f7 41. Be2 Rf5 42. Bg4 Re5 43. Bd1 Kg7 44. Be2 Na4 45. Rb3 Rf7 46. Rd1
Ref5 47. Rf1 Kh6 48. Bd1 Kh7 49. Be2 R5f6 50. Bd1 Kg7 51. Be2 Kf8 52. Bg4 Ke7
53. Be2 Ke6 54. Bg4+ Ke5 55. Be2 Rf8 56. Bg4 R8f7 57. Be2 c6 58. f4+ exf3 59.
Rxf3 b5 60. Rxf6 Rxf6 61. cxb5 axb5 62. c4 bxc4 63. Rb4 Nc3 64. Rxc4 Nxe2 65.
Kxe2 d5 66. Rc1 d4 67. g4 Kd5 68. Rh1 c5 69. h5 gxh5 70. gxh5 Rh6 71. Rh4 c4
72. a4 Re6+ 73. Kd2 c3+ 74. Kd3 Re3+ 75. Kc2 Re2+ 76. Kb3 Rb2+ 77. Ka3 Rb1 78.
Rh2 d3 0-1

[Event "SWE-ch"]
[Site "Sunne"]
[Date "2015.07.11"]
[Round "1"]
[White "Grandelius, Nils"]
[Black "Carlsson, Pontus"]
[Result "1-0"]
[WhiteElo "2623"]
[BlackElo "2451"]
[PlyCount "65"]
[EventDate "2015.07.11"]
[EventType "tourn"]
[EventRounds "9"]
[EventCountry "SWE"]
[EventCategory "11"]
[SourceTitle "CBM 167 Extra"]
[Source "ChessBase"]
[SourceDate "2015.09.14"]
[SourceVersion "1"]
[SourceVersionDate "2015.09.14"]
[SourceQuality "1"]
1. Nf3 Nf6 2. c4 c5 3. Nc3 b6 4. e4 d6 5. d4 cxd4 6. Nxd4 Bb7 7. f3 e6 8. Be2
Be7 9. O-O O-O 10. Be3 a6 11. Qd2 Nbd7 12. Rfc1 Qc7 13. Bf1 Rac8 14. a4 Qb8 15.
a5 bxa5 16. Rxa5 Bd8 17. Raa1 Bc7 18. Kh1 Rfe8 19. b4 d5 20. cxd5 exd5 21. Nxd5
Nxd5 22. exd5 Nf6 23. Bxa6 Nxd5 24. Nc6 Bxc6 25. Bxc8 Be5 26. Rxc6 Bxa1 27.
Qxd5 Rxc8 28. Rxc8+ Qxc8 29. b5 h5 30. b6 Qe8 31. Qe4 Qb8 32. Bf4 Qd8 33. Qb1
1-0

[Event "SWE-ch"]
[Site "Sunne"]
[Date "2015.07.11"]
[Round "1"]
[White "Blomqvist, Erik"]
[Black "Cramling, Pia"]
[Result "1-0"]
[WhiteElo "2487"]
[BlackElo "2512"]
[PlyCount "81"]
[EventDate "2015.07.11"]
[EventType "tourn"]
[EventRounds "9"]
[EventCountry "SWE"]
[EventCategory "11"]
[SourceTitle "CBM 167 Extra"]
[Source "ChessBase"]
[SourceDate "2015.09.14"]
[SourceVersion "1"]
[SourceVersionDate "2015.09.14"]
[SourceQuality "1"]
1. Nf3 Nf6 2. c4 e6 3. g3 d5 4. Bg2 dxc4 5. O-O a6 6. Qc2 c5 7. Qxc4 Nc6 8. d3
Bd7 9. Be3 b6 10. d4 b5 11. Qc1 c4 12. b3 cxb3 13. axb3 Rc8 14. Qb2 Nb4 15. Bd2
Qb6 16. Qa3 Nfd5 17. Qa5 Qxa5 18. Rxa5 Be7 19. Ne5 Nc6 20. Rxa6 Nxd4 21. Rd1
Nxe2+ 22. Kf1 Nd4 23. Nxd7 Kxd7 24. Bc3 Nf5 25. Bxd5 exd5 26. Rxd5+ Nd6 27.
Bxg7 Rc1+ 28. Kg2 Rhc8 29. Nd2 Rd1 30. Bh6 Rc6 31. Ra7+ Ke6 32. Rh5 Nf5 33. Nf3
Bf6 34. Bf4 h6 35. Ra2 Nd4 36. Nxd4+ Bxd4 37. Rxb5 f5 38. Bxh6 Kf6 39. Bf4 Kg6
40. Raa5 Rf6 41. Rd5 1-0

[Event "SWE-ch"]
[Site "Sunne"]
[Date "2015.07.11"]
[Round "1"]
[White "Hector, Jonny"]
[Black "Hillarp Persson, Tiger"]
[Result "1-0"]
[WhiteElo "2485"]
[BlackElo "2563"]
[PlyCount "55"]
[EventDate "2015.07.11"]
[EventType "tourn"]
[EventRounds "9"]
[EventCountry "SWE"]
[EventCategory "11"]
[SourceTitle "CBM 167 Extra"]
[Source "ChessBase"]
[SourceDate "2015.09.14"]
[SourceVersion "1"]
[SourceVersionDate "2015.09.14"]
[SourceQuality "1"]
1. e4 c5 2. Nf3 d6 3. d4 cxd4 4. Nxd4 Nf6 5. Nc3 a6 6. Bg5 e6 7. f4 Qc7 8. Qf3
b5 9. Bxf6 gxf6 10. a3 Nc6 11. Nxc6 Qxc6 12. Bd3 Qc5 13. e5 d5 14. O-O-O fxe5
15. fxe5 Bg7 16. Rhf1 Qc7 17. Rde1 Bb7 18. Bxb5+ axb5 19. Nxb5 Qe7 20. Nd6+ Kd8
21. Qb3 Rf8 22. Nxb7+ Kc7 23. Nd6 Rab8 24. Nb5+ Kd7 25. Qa4 Ra8 26. Qf4 Qc5 27.
Nd4 Ra4 28. Nb3 1-0

[Event "SWE-ch"]
[Site "Sunne"]
[Date "2015.07.11"]
[Round "1"]
[White "Tikkanen, Hans"]
[Black "Smith, Axel"]
[Result "1/2-1/2"]
[WhiteElo "2529"]
[BlackElo "2449"]
[PlyCount "118"]
[EventDate "2015.07.11"]
[EventType "tourn"]
[EventRounds "9"]
[EventCountry "SWE"]
[EventCategory "11"]
[SourceTitle "CBM 167 Extra"]
[Source "ChessBase"]
[SourceDate "2015.09.14"]
[SourceVersion "1"]
[SourceVersionDate "2015.09.14"]
[SourceQuality "1"]
1. e4 c5 2. Nf3 Nc6 3. Bb5 g6 4. Bxc6 dxc6 5. d3 Bg7 6. h3 Nf6 7. Nc3 Nd7 8.
Be3 e5 9. Qd2 Qe7 10. Bh6 f6 11. Bxg7 Qxg7 12. Qe3 Qe7 13. Nh2 Nf8 14. f4 exf4
15. Qxf4 Ne6 16. Qf2 Bd7 17. O-O O-O 18. Ng4 Kg7 19. Ne2 Rad8 20. Ne3 Nd4 21.
Ng3 Qe5 22. Rae1 Be6 23. c3 Nb5 24. a4 Nc7 25. Ngf5+ gxf5 26. exf5 Bc8 27. Nc4
Qxf5 28. Re7+ Kg8 29. Qxf5 Bxf5 30. Rxf5 Rf7 31. Re3 Nd5 32. Ref3 Re7 33. Nd2
Ne3 34. Rg3+ Kf7 35. Rh5 Kf8 36. Nf1 Nxf1 37. Kxf1 Rd5 38. Rxd5 cxd5 39. Rf3
Kf7 40. Kf2 Kg6 41. Re3 Rxe3 42. Kxe3 Kf5 43. g3 h6 44. Kf3 b6 45. b3 a6 46. d4
cxd4 47. cxd4 h5 48. b4 Kg5 49. b5 a5 50. Kf2 Kf5 51. Ke3 Kg5 52. Kf3 f5 53.
h4+ Kg6 54. Ke3 Kf7 55. Kf3 Ke6 56. Ke3 Ke7 57. Kf3 Ke6 58. Ke3 Ke7 59. Kf4 Kf6
1/2-1/2